000 00617nab#a2200205#c#4500
999 _c87776
_d87776
003 IEF
005 20191203181350.0
008 950704s1976 uuu|| #####0 b| |u
040 _aIEF
_cES-MaIEF
245 _aEl papel del Instituto Nacional de Industria en el desarrollo industrial
_b[Informe del B.I.R.F.]
260 _c1976
650 4 _aINSTITUTO NACIONAL DE INDUSTRIA
_947491
650 4 _aESPAÑA
_941092
650 4 _aDESARROLLO INDUSTRIAL
_947958
650 4 _aPOLITICA INDUSTRIAL
_948060
773 0 _tHacienda pública española
_w34570
_g41, p. 315-333
942 _2udc
942 _2udc